000 00551nam a2200205Ii 4500
003 JO-AjNU
008 230606s9999||||xx |||||||||||||| ||und||
020 _a978-1-118-17492-0
040 _aJO-AjNU
_beng
_erda
_cJO-AjNU
041 _aeng
050 1 4 _aQA303.2.2014
100 3 _aHallett,Hugesواخرون,
_eauthor
_94455
245 0 0 _aApplied Calculus
264 3 1 _aWilly,2014
300 _a544p
336 _atext
_btxt
_2rdacontent
337 _aunmediated
_bn
_2rdamedia
338 _avolume
_bnc
_2rdacarrier
650 4 _aMathematical
_94456
999 _aE2313
_c2311
_d2311